| 000 | 01231nam a2200253 4500 | ||
|---|---|---|---|
| 005 | 20170301104209.0 | ||
| 008 | 170301s fr ||||fr|||| 001 f fre d | ||
| 040 |
_aCO-BoUCM _bspa _cSandra Yazo _dSandra Yazo |
||
| 041 | 0 | _afre | |
| 082 | 0 | 4 |
_220 _a843 |
| 092 | _aE43N005 | ||
| 100 | 1 |
_aBordeaux, Henry _d1870-1963 _984405 |
|
| 242 | 0 | 3 |
_aAl abrir los ojos _cEnrique Bordeaux _yspa |
| 245 | 1 | 3 |
_aLes yeux qui s’ouvrent _cHenry Bordeaux |
| 260 |
_aParís (Francia) _bLibrairie Plon. Plon - Nourrit et Cie. [Librería Plon. Plon- Nourrit y Compañía] _c[fecha desconocida] |
||
| 300 |
_a448 páginas _c18 x 12 cm. |
||
| 500 | _aDetalles físicos: Encuadernación rígida (Holandesa) en cartón forrado en papel jaspeado. Lomo de tela texturizada con adornos en dorado. Guardas. Hoja de cortesía. Anteportada. Portada impresa en una sola tinta. Marca tipográfica de la Editorial Plon. Texto impreso en una sola columna. Residuos de cinta pegante en el lomo. Papel con oxidación | ||
| 506 | _aConsulta en sala | ||
| 546 | _aTexto en francés | ||
| 650 | 7 |
_920506 _aNovela francesa |
|
| 650 | 7 |
_97794 _aLiteratura francesa _ySiglo XX |
|
| 690 |
_aLiteratura europea _926524 |
||
| 942 |
_2LOCAL _cLIBRO _e1 _hE43N005 |
||
| 999 |
_c306143 _d306143 |
||